000 00478nam a2200181Ia 4500
008 230524s9999 xx 000 0 und d
020 _a9789380026510
082 _a621.4021
_bSIN
100 _aR.K.Singal
_942933
245 0 _aEngineering Thermodynamics
250 _a1
260 _aNew Delhi
_bI.K.International
_c2013
300 _a"V,I-1p;"
500 _aQuantity Number: 1
650 _aThermodynamics
700 _aMridul Singal & Rishi Singal
_942934
942 _cBK
999 _c57897
_d57897